书目信息 |
| 题名: |
存储安全技术
|
|
| 作者: | 奇里洛 , Chirillo , Blaul 著 ;金甄平 , 王宝生 , 洪平 译 | |
| 分册: | ||
| 出版信息: | 北京 电子工业出版社 2004.1 |
|
| 页数: | 284页 | |
| 开本: | 26cm | |
| 丛书名: | 存储技术丛书 | |
| 单 册: | ||
| 中图分类: | TP333 | |
| 科图分类: | ||
| 主题词: | 信息存储--安全技术 , 信息存储 | |
| 电子资源: | ||
| ISBN: | 7-5053-9287-5 | |
| 000 | 01707nam0 2200409 45 | |
| 001 | 012004099026 | |
| 005 | 20051207160801.73 | |
| 010 | @a7-5053-9287-5@dCNY32.00 | |
| 100 | @a20040306d2004 em y0chiy0121 ea | |
| 101 | 1 | @achi@ceng |
| 102 | @aCN@b110000 | |
| 105 | @af z 000yy | |
| 200 | 1 | @a存储安全技术@Acun chu an quan ji shu@eSAN、NAS和DAS的安全保护@dStorage security : protecting SANs, NAS, and DAS@f(美)[J. 奇里洛]John Chirillo,(美)Scott Blaul著@g金甄平,王宝生,洪平等译@zeng |
| 210 | @a北京@c电子工业出版社@d2004.1 | |
| 215 | @a284页@c图@d26cm | |
| 225 | 2 | @a存储技术丛书 |
| 304 | @a书名原文:Storage security : protecting SANs, NAS, and DAS | |
| 305 | @a由Wiley Publishing, Inc.授权出版 | |
| 314 | @aJ. 奇里洛[John Chirillo],ValCom的资深网络互联工程师。合著有《存储安全技术:SAN、NAS和DAS的安全保护》。 | |
| 314 | @aScott Blaul,ValCom的专业服务部门的经理。合著有《存储安全技术:SAN、NAS和DAS的安全保护》。 | |
| 320 | @a附参考网站、资料(第267-284页) | |
| 330 | @a本书内容主要涉及存储网络技术和存储备份技术,着重讨论有关数据安全和数据保护的各种潜在问题。 | |
| 333 | @a读者对象:IT专业人员,IT咨询顾问,企业信息主管人员 | |
| 461 | 0 | @12001 @a存储技术丛书 |
| 510 | 1 | @aStorage security@eProtecting SANs, NAS, and DAS@zeng |
| 517 | 1 | @aSAN、NAS和DAS的安全保护@ASAN、NAS he DAS de an quan bao hu |
| 606 | 0 | @a信息存储@x安全技术 |
| 606 | 0 | @a信息存储 |
| 690 | @aTP333@v4 | |
| 701 | 1 | @a奇里洛@Aqi li luo@bJ.@4著 |
| 701 | 1 | @aChirillo@bJohn@4著 |
| 701 | 1 | @aBlaul@bScott@4著 |
| 702 | 0 | @a金甄平@Ajin zhen ping@4译 |
| 702 | 0 | @a王宝生@Awang bao sheng@4译 |
| 702 | 0 | @a洪平@Ahong ping@4译 |
| 801 | 0 | @aCN@bSRXX@c20051207 |
| 905 | @a10447@dTP333@eQ101 | |
| 存储安全技术:SAN、NAS和DAS的安全保护=Storage security : protecting SANs, NAS, and DAS/(美)[J. 奇里洛]John Chirillo,(美)Scott Blaul著/金甄平,王宝生,洪平等译.-北京:电子工业出版社,2004.1 |
| 284页:图;26cm.-(存储技术丛书) |
| 使用对象:读者对象:IT专业人员,IT咨询顾问,企业信息主管人员 |
| ISBN 7-5053-9287-5:CNY32.00 |
| 本书内容主要涉及存储网络技术和存储备份技术,着重讨论有关数据安全和数据保护的各种潜在问题。 |
| ● |
| 相关链接 |
|
|
|
正题名:存储安全技术
索取号:TP333/Q101
 
预约/预借
| 序号 | 登录号 | 条形码 | 馆藏地/架位号 | 状态 | 备注 |
| 1 | 546378 | 205463782 | 自科库301/301自科库 61排5列5层/ [索取号:TP333/Q101] | 在馆 | |
| 2 | 546379 | 205463791 | 自科库301/301自科库 61排5列5层/ [索取号:TP333/Q101] | 在馆 | |
| 3 | 546380 | 205463808 | 自科库301/301自科库 61排5列5层/ [索取号:TP333/Q101] | 在馆 |